Zmiany w statystyce w okresie przemian gospodarczych (na przykladzie Polski).

Štatistický systém v minulosti a jeho charakteristika. Nové potreby užívateľov štatistiky. Štatistický systém v Poľsku - jeho ideová schéma. Najnutnejšie praktické informácie o trhovom hospodárstve. Štatistika a cenové indexy. Štyri piliere štatistického systému.

Gespeichert in:
Bibliographische Detailangaben
1. Verfasser: Zienkowski, L.
Format: Buchkapitel
Sprache:Polnisch
Schlagworte:
Tags: Tag hinzufügen
Keine Tags, Fügen Sie das erste Tag hinzu!

MARC

LEADER 00000naa a2200000 4500
001 r004359
005 20221125123101.3
041 0 |a pol 
044 |a PL 
245 1 0 |a Zmiany w statystyce w okresie przemian gospodarczych (na przykladzie Polski).  |c L. Zienkowski 
520 |a Štatistický systém v minulosti a jeho charakteristika. Nové potreby užívateľov štatistiky. Štatistický systém v Poľsku - jeho ideová schéma. Najnutnejšie praktické informácie o trhovom hospodárstve. Štatistika a cenové indexy. Štyri piliere štatistického systému. 
610 2 0 |a štatistika 
610 2 0 |a systémy štatistické 
610 2 0 |a PR 
610 2 0 |a hospodárstvo trhové 
610 2 0 |a reformy hospodárske 
610 2 0 |a indexy cenové 
100 1 |a Zienkowski, L.